Normal view
MARC view
- Koli, L.N
Entry Personal Name
001 - CONTROL NUMBER
- control field: 932
003 - CONTROL NUMBER IDENTIFIER
- control field: OSt
005 - DATE AND TIME OF LATEST TRANSACTION
- control field: 20160714162144.0
008 - FIXED-LENGTH DATA ELEMENTS
- fixed length control field: 160714|| aca||aabn | a|a d
040 ## - CATALOGING SOURCE
- Original cataloging agency: OSt
- Transcribing agency: OSt
100 ## - HEADING--PERSONAL NAME
- Personal name: Koli, L.N
670 ## - SOURCE DATA FOUND
- Source citation: Work cat.: (OSt): Koli, L.N, Upkar's UGC/NET/JRF/SET Management (Paper - II), 2013
